| 000 | 01108nam a22003617a 4500 | ||
|---|---|---|---|
| 001 | BR0805134 | ||
| 003 | BR-BrBNA | ||
| 005 | 20230928102654.0 | ||
| 007 | ta | ||
| 008 | 230509b bl.||||| |||| 00| 0 por d | ||
| 040 |
_aBR-BrBNA _bpor _cBiblioteca Nacional de Agricultura |
||
| 041 | _a(Por) | ||
| 072 |
_aL51 _b6100 _b8954 _b3730 |
||
| 090 | _ 6100 BR0805134 | ||
| 100 | 1 | _aSilva, M.A. da | |
| 110 | 1 |
_aUniversidade Federal de Viçosa, MG (Brasil) _0Tese (Magister Scientiae) |
|
| 245 | 1 | _aExigências nutricionais em metionina + cistina para frangos de corte, em função do nível de proteína bruta da ração | |
| 260 | 3 |
_aViçosa, MG (Brasil): _c1996. |
|
| 300 | _a73 p. | ||
| 500 | _aSummaries (Eng, Por); Bibliography p. 61-66; 14 illus.; 14 tables | ||
| 650 | _aFRANGO DE CORTE | ||
| 650 | _aRAÇÃO | ||
| 650 | _aMETIONINA | ||
| 650 | _aCISTINA | ||
| 650 | _aEXIGÊNCIA NUTRICIONAL | ||
| 650 | _aPROTEÍNA BRUTA | ||
| 650 | _aCARCAÇA | ||
| 650 | _aPERFORMANCE | ||
| 650 | _aGANHO DE PESO | ||
| 650 | _aRENDIMENTO | ||
| 909 |
_a202309 _bLucia _c55 _dLucia Elande |
||
| 942 | _cBK | ||
| 999 |
_c71974 _d71974 |
||